NT server Management and control
Installation of NT server; Server configuration and management; Network configuration and management; User management; file systems; Client configuration and management; Services for macintosh; Printer use and management; disaster preparedness and management; Tuning NT server and networks; Security.
Spremljeno u:
| Glavni autor: | |
|---|---|
| Format: | Knjiga |
| Jezik: | Undetermined |
| Izdano: |
Upper Saddle River
Prentice Hall PTR
1996
|
| Teme: | |
| Oznake: |
Dodaj oznaku
Bez oznaka, Budi prvi tko označuje ovaj zapis!
|
| Thư viện lưu trữ: | Trung tâm Học liệu Trường Đại học Cần Thơ |
|---|
| LEADER | 00860nam a2200205Ia 4500 | ||
|---|---|---|---|
| 001 | CTU_23267 | ||
| 008 | 210402s9999 xx 000 0 und d | ||
| 082 | |a 005.44 | ||
| 082 | |b S745 | ||
| 100 | |a Kenneth L Spencer | ||
| 245 | 0 | |a NT server | |
| 245 | 0 | |b Management and control | |
| 245 | 0 | |c Kenneth L Spencer | |
| 260 | |a Upper Saddle River | ||
| 260 | |b Prentice Hall PTR | ||
| 260 | |c 1996 | ||
| 520 | |a Installation of NT server; Server configuration and management; Network configuration and management; User management; file systems; Client configuration and management; Services for macintosh; Printer use and management; disaster preparedness and management; Tuning NT server and networks; Security. | ||
| 650 | |a client/server computing,microsoft windows NT | ||
| 904 | |i Quyên,980520 | ||
| 980 | |a Trung tâm Học liệu Trường Đại học Cần Thơ | ||